Alcanzando el futuro deseado : (Registro nro. 8685)

Detalles MARC
000 -LEADER
fixed length control field 01284nam a2200289Ia 4500
003 - CONTROL NUMBER IDENTIFIER
control field OSt
005 - DATE AND TIME OF LATEST TRANSACTION
control field 20211029141934.0
008 - FIXED-LENGTH DATA ELEMENTS--GENERAL INFORMATION
fixed length control field 210310s2010 ck ad fr 000 0dspa d
020 ## - INTERNATIONAL STANDARD BOOK NUMBER
International Standard Book Number 9789584470706
040 ## - CATALOGING SOURCE
Original cataloging agency CO-JMCR
Transcribing agency CO-JMCR
041 0# - LANGUAGE CODE
Language code of text/sound track or separate title spa
082 04 - DEWEY DECIMAL CLASSIFICATION NUMBER
Classification number 338.9861 /
Item number P716a
Edition number 23
100 1# - MAIN ENTRY--PERSONAL NAME
Personal name Plata Páez, Luis Guillermo,
9 (RLIN) 17986
Relator term autor
245 10 - TITLE STATEMENT
Title Alcanzando el futuro deseado :
Remainder of title transformación productiva e internacionalización de Colombia /
Statement of responsibility, etc. Luis Guillermo Plata Páez, Hernán Avendaño Cruz
250 ## - EDITION STATEMENT
Edition statement Primera edición
260 ## - PUBLICATION, DISTRIBUTION, ETC.
Place of publication, distribution, etc. Bogotá :
Name of publisher, distributor, etc. Dvinni,
Date of publication, distribution, etc. 2010
300 ## - PHYSICAL DESCRIPTION
Extent 242 páginas :
Other physical details ilustraciones y gráficas a color ;
Dimensions 24 cm.
490 0# - SERIES STATEMENT
Series statement Futuro ;
Volume/sequential designation 1
500 ## - GENERAL NOTE
General note Incluye notas a pie de página y datos biográficos de los autores.
504 ## - BIBLIOGRAPHY, ETC. NOTE
Bibliography, etc. note Bibliografía: páginas 234-242
505 0# - FORMATTED CONTENTS NOTE
Formatted contents note Internacionalización de la economía colombiana -- Transformación productiva -- Políticas complementarias: la aceleración de la transformación productiva -- Turismo de clase mundial -- Promoción internacional
650 14 - SUBJECT ADDED ENTRY--TOPICAL TERM
Topical term or geographic name entry element Producción
9 (RLIN) 17988
General subdivision (teoría económica)
650 24 - SUBJECT ADDED ENTRY--TOPICAL TERM
Topical term or geographic name entry element Globalización
Geographic subdivision Colombia
9 (RLIN) 41344
650 24 - SUBJECT ADDED ENTRY--TOPICAL TERM
Topical term or geographic name entry element Relaciones Internacionales
9 (RLIN) 41345
700 1# - ADDED ENTRY--PERSONAL NAME
Personal name Cruz, Hernán Avendaño,
Relator term autor
9 (RLIN) 41346
942 ## - ADDED ENTRY ELEMENTS (KOHA)
Source of classification or shelving scheme Dewey Decimal Classification
Koha item type Books
Existencias
Withdrawn status Lost status Source of classification or shelving scheme Damaged status Not for loan Collection code Home library Current library Date acquired Source of acquisition Total Checkouts Full call number Barcode Date last seen Date last checked out Copy number Koha item type
    Dewey Decimal Classification     Non-fiction Biblioteca Pública José María del Castillo y Rada Biblioteca Pública José María del Castillo y Rada 04/15/2018 Donación 1 338.9861 / P716a 430000717 05/21/2025 05/20/2025 Ej.1 Books